[Event "DEM U12w 2023"]
[Site "Willingen GER"]
[Date "2023.05.28"]
[Round "1"]
[White "Weyerer, Elea"]
[Black "Kuhn, Sanna"]
[Result "1/2-1/2"]
[Termination "normal"]
[Board "15"]
[WhiteElo "1408"]
[BlackElo "992"]
[WhiteClock "00:32:46"]
[BlackClock "01:10:23"]
[PlyCount "150"]
[WhiteFideId "34605770"]
[BlackFideId "34660313"]
[EventCountry "GER"]
[EventRounds "9"]
[EventType "swiss"]
[EventDate "2023.05.27"]

1. d4 {[%clk 01:30:58]  [%emt 00:00:01]} 1... d5 {[%clk 01:30:55]  [%emt
00:00:06]} 2. Bf4 {[%clk 01:31:18]  [%emt 00:00:10]} 2... Nf6 {[%clk 01:31:20] 
[%emt 00:00:05]} 3. e3 {[%clk 01:31:28]  [%emt 00:00:20]} 3... c5 {[%clk
01:31:39]  [%emt 00:00:11]} 4. Nf3 {[%clk 01:31:23]  [%emt 00:00:36]} 4... Nc6
{[%clk 01:31:27]  [%emt 00:00:42]} 5. c3 {[%clk 01:30:17]  [%emt 00:01:35]}
5... Qb6 {[%clk 01:31:38]  [%emt 00:00:19]} 6. Qb3 {[%clk 01:30:06]  [%emt
00:00:36]} 6... c4 {[%clk 01:31:55]  [%emt 00:00:18]} 7. Qc2 {[%clk 01:30:07] 
[%emt 00:00:29]} 7... Bf5 {[%clk 01:32:12]  [%emt 00:00:13]} 8. Qc1 {[%clk
01:25:59]  [%emt 00:04:36]} 8... g6 {[%clk 01:31:58]  [%emt 00:00:46]} 9. Nbd2
{[%clk 01:25:38]  [%emt 00:00:50]} 9... Bg7 {[%clk 01:32:16]  [%emt 00:00:13]}
10. b3 {[%clk 01:25:06]  [%emt 00:01:03]} 10... cxb3 {[%clk 01:23:13]  [%emt
00:09:33]} 11. axb3 {[%clk 01:25:25]  [%emt 00:00:11]} 11... Ne4 {[%clk
01:23:28]  [%emt 00:00:14]} 12. Qb2 {[%clk 01:22:02]  [%emt 00:03:54]} 12...
Nxd2 {[%clk 01:22:52]  [%emt 00:01:06]} 13. Nxd2 {[%clk 01:22:20]  [%emt
00:00:13]} 13... O-O {[%clk 01:23:03]  [%emt 00:00:18]} 14. Nf3 {[%clk
01:18:30]  [%emt 00:04:19]} 14... Rfe8 {[%clk 01:20:48]  [%emt 00:02:46]} 15.
Nh4 {[%clk 01:17:14]  [%emt 00:01:40]} 15... Bd7 {[%clk 01:20:32]  [%emt
00:00:39]} 16. Be2 {[%clk 01:12:37]  [%emt 00:05:20]} 16... e5 {[%clk 01:19:45]
 [%emt 00:01:17]} 17. Bg3 {[%clk 01:12:06]  [%emt 00:01:01]} 17... a6 {[%clk
01:18:24]  [%emt 00:01:51]} 18. O-O {[%clk 01:09:55]  [%emt 00:02:40]} 18...
Rac8 {[%clk 01:18:02]  [%emt 00:00:51]} 19. Rab1 {[%clk 01:07:26]  [%emt
00:03:00]} 19... exd4 {[%clk 01:11:08]  [%emt 00:07:24]} 20. exd4 {[%clk
01:07:20]  [%emt 00:00:35]} 20... Na5 {[%clk 01:10:34]  [%emt 00:01:05]} 21.
Nf3 {[%clk 01:03:06]  [%emt 00:04:44]} 21... Bf5 {[%clk 01:10:07]  [%emt
00:00:57]} 22. Ra1 {[%clk 01:01:21]  [%emt 00:02:15]} 22... Qxb3 {[%clk
01:08:01]  [%emt 00:02:36]} 23. Qxb3 {[%clk 00:56:47]  [%emt 00:05:03]} 23...
Nxb3 {[%clk 01:08:19]  [%emt 00:00:12]} 24. Ra3 {[%clk 00:52:19]  [%emt
00:04:58]} 24... Rxe2 {[%clk 01:08:31]  [%emt 00:00:17]} 25. Rxb3 {[%clk
00:52:35]  [%emt 00:00:15]} 25... b5 {[%clk 01:08:43]  [%emt 00:00:18]} 26. Re1
{[%clk 00:51:09]  [%emt 00:01:53]} 26... Rxe1+ {[%clk 01:08:31]  [%emt
00:00:45]} 27. Nxe1 {[%clk 00:51:27]  [%emt 00:00:12]} 27... Bh6 {[%clk
01:08:39]  [%emt 00:00:22]} 28. Nf3 {[%clk 00:51:29]  [%emt 00:00:28]} 28...
Rc4 {[%clk 01:08:00]  [%emt 00:01:09]} 29. Ne5 {[%clk 00:49:12]  [%emt
00:02:46]} 29... Ra4 {[%clk 01:08:12]  [%emt 00:00:19]} 30. h3 {[%clk 00:46:56]
 [%emt 00:02:46]} 30... Bd2 {[%clk 01:08:10]  [%emt 00:00:30]} 31. Nc6 {[%clk
00:44:48]  [%emt 00:02:40]} 31... Kf8 {[%clk 01:07:41]  [%emt 00:00:55]} 32.
Bd6+ {[%clk 00:43:20]  [%emt 00:02:00]} 32... Ke8 {[%clk 01:07:04]  [%emt
00:01:02]} 33. Bb4 {[%clk 00:42:45]  [%emt 00:01:05]} 33... Ra1+ {[%clk
01:05:20]  [%emt 00:02:19]} 34. Kh2 {[%clk 00:42:57]  [%emt 00:00:19]} 34...
Be1 {[%clk 01:04:54]  [%emt 00:00:56]} 35. Rb2 {[%clk 00:40:21]  [%emt
00:03:06]} 35... f6 {[%clk 01:04:20]  [%emt 00:01:04]} 36. g4 {[%clk 00:38:03] 
[%emt 00:02:49]} 36... Be4 {[%clk 01:03:59]  [%emt 00:00:46]} 37. Re2 {[%clk
00:37:41]  [%emt 00:00:55]} 37... Kd7 {[%clk 01:04:14]  [%emt 00:00:17]} 38.
Ne7 {[%clk 00:37:00]  [%emt 00:01:10]} 38... a5 {[%clk 01:04:09]  [%emt
00:00:34]} 39. Bc5 {[%clk 00:36:30]  [%emt 00:01:01]} 39... Bxc3 {[%clk
01:04:08]  [%emt 00:00:31]} 40. f3 {[%clk 00:33:15]  [%emt 00:03:46]} 40... Bd3
{[%clk 01:03:19]  [%emt 00:01:19]} 41. Re3 {[%clk 00:32:44]  [%emt 00:01:02]}
41... Rd1 {[%clk 01:03:07]  [%emt 00:00:40]} 42. Nxd5 {[%clk 00:32:49]  [%emt
00:00:26]} 42... b4 {[%clk 01:01:42]  [%emt 00:01:55]} 43. Nxf6+ {[%clk
00:31:50]  [%emt 00:01:28]} 43... Kc6 {[%clk 01:01:41]  [%emt 00:00:30]} 44.
Re6+ {[%clk 00:30:32]  [%emt 00:01:47]} 44... Kb5 {[%clk 01:01:36]  [%emt
00:00:11]} 45. Rb6+ {[%clk 00:30:26]  [%emt 00:01:00]} 45... Kc4 {[%clk
01:01:43]  [%emt 00:00:24]} 46. Ne8 {[%clk 00:29:27]  [%emt 00:01:30]} 46...
Bxd4 {[%clk 01:01:31]  [%emt 00:00:41]} 47. Nd6+ {[%clk 00:28:44]  [%emt
00:01:00]} 47... Kxc5 {[%clk 01:01:12]  [%emt 00:01:04]} 48. Rb7 {[%clk
00:27:23]  [%emt 00:01:49]} 48... Kxd6 {[%clk 01:01:27]  [%emt 00:00:16]} 49.
Rxh7 {[%clk 00:27:36]  [%emt 00:00:17]} 49... b3 {[%clk 01:01:47]  [%emt
00:00:10]} 50. Rb7 {[%clk 00:27:50]  [%emt 00:00:14]} 50... b2 {[%clk 01:02:13]
 [%emt 00:00:06]} 51. Rb3 {[%clk 00:27:54]  [%emt 00:00:23]} 51... b1=Q {[%emt
00:00:19]} 52. Rxb1 {[%clk 00:28:09]  [%emt 00:00:07]} 52... Rxb1 {[%clk
01:02:54]  [%emt 00:00:10]} 53. Kg3 {[%clk 00:28:34]  [%emt 00:00:05]} 53...
Bc4 {[%clk 01:03:09]  [%emt 00:00:15]} 54. h4 {[%clk 00:28:57]  [%emt
00:00:06]} 54... Be3 {[%clk 01:03:33]  [%emt 00:00:07]} 55. h5 {[%clk 00:29:20]
 [%emt 00:00:07]} 55... gxh5 {[%clk 01:03:57]  [%emt 00:00:06]} 56. gxh5 {[%clk
00:29:36]  [%emt 00:00:14]} 56... Rh1 {[%clk 01:04:15]  [%emt 00:00:13]} 57.
Kg4 {[%clk 00:29:48]  [%emt 00:00:18]} 57... Rxh5 {[%clk 01:04:35]  [%emt
00:00:09]} 58. Kxh5 {[%clk 00:30:08]  [%emt 00:00:10]} 58... a4 {[%clk
01:05:00]  [%emt 00:00:06]} 59. Kg4 {[%clk 00:30:28]  [%emt 00:00:09]} 59... a3
{[%emt 00:00:07]} 60. f4 {[%emt 00:00:07]} 60... Bxf4 {[%clk 01:05:08]  [%emt
00:00:08]} 61. Kxf4 {[%clk 00:29:05]  [%emt 00:01:53]} 61... a2 {[%clk
01:05:31]  [%emt 00:00:08]} 62. Kf3 {[%clk 00:29:25]  [%emt 00:00:09]} 62...
a1=R {[%clk 01:05:29]  [%emt 00:00:30]} 63. Ke4 {[%clk 00:29:37]  [%emt
00:00:17]} 63... Bd3+ {[%clk 01:05:53]  [%emt 00:00:09]} 64. Kd4 {[%clk
00:29:58]  [%emt 00:00:09]} 64... Ra5 {[%clk 01:06:08]  [%emt 00:00:15]} 65.
Ke3 {[%clk 00:30:08]  [%emt 00:00:17]} 65... Ra4 {[%clk 01:06:33]  [%emt
00:00:09]} 66. Kd2 {[%clk 00:30:20]  [%emt 00:00:16]} 66... Bh7 {[%clk
01:06:52]  [%emt 00:00:12]} 67. Kc1 {[%clk 00:30:33]  [%emt 00:00:11]} 67...
Ra2 {[%clk 01:07:18]  [%emt 00:00:10]} 68. Kd1 {[%clk 00:31:00]  [%emt
00:00:02]} 68... Ke5 {[%clk 01:07:46]  [%emt 00:00:03]} 69. Ke1 {[%clk
00:31:25]  [%emt 00:00:04]} 69... Ke4 {[%clk 01:08:05]  [%emt 00:00:12]} 70.
Kd1 {[%clk 00:31:37]  [%emt 00:00:15]} 70... Ke3 {[%clk 01:08:27]  [%emt
00:00:11]} 71. Kc1 {[%clk 00:31:38]  [%emt 00:00:29]} 71... Rh2 {[%clk
01:08:49]  [%emt 00:00:08]} 72. Kd1 {[%clk 00:31:59]  [%emt 00:00:05]} 72...
Rg2 {[%clk 01:09:12]  [%emt 00:00:11]} 73. Kc1 {[%clk 00:32:15]  [%emt
00:00:10]} 73... Kd3 {[%clk 01:09:34]  [%emt 00:00:12]} 74. Kb1 {[%clk
00:32:33]  [%emt 00:00:08]} 74... Kc3+ {[%clk 01:09:59]  [%emt 00:00:08]} 75.
Ka1 {[%clk 00:32:46]  [%emt 00:00:18]} 75... Kb3 {[%clk 01:10:23]  [%emt
00:00:06]} 1/2-1/2

[Event "DEM U12w 2023"]
[Site "Willingen GER"]
[Date "2023.05.28"]
[Round "1"]
[White "Börner, Emma Charlotte"]
[Black "Margaryan, Mane"]
[Result "0-1"]
[Termination "normal"]
[Board "16"]
[WhiteElo "990"]
[BlackElo "1403"]
[WhiteClock "00:10:32"]
[BlackClock "00:15:55"]
[PlyCount "106"]
[WhiteFideId "34637907"]
[BlackFideId "16268237"]
[EventCountry "GER"]
[EventRounds "9"]
[EventType "swiss"]
[EventDate "2023.05.27"]

1. e4 {[%clk 01:30:54]  [%emt 00:00:04]} 1... c5 {[%clk 01:30:50]  [%emt
00:00:11]} 2. Nc3 {[%clk 01:31:06]  [%emt 00:00:18]} 2... e6 {[%clk 01:31:05] 
[%emt 00:00:15]} 3. Bc4 {[%clk 01:30:52]  [%emt 00:00:45]} 3... a6 {[%clk
01:31:01]  [%emt 00:00:34]} 4. a3 {[%clk 01:30:31]  [%emt 00:00:51]} 4... Qc7
{[%clk 01:30:28]  [%emt 00:01:02]} 5. d3 {[%clk 01:29:08]  [%emt 00:01:54]}
5... Nf6 {[%clk 01:29:47]  [%emt 00:01:11]} 6. f4 {[%clk 01:27:14]  [%emt
00:02:23]} 6... d6 {[%clk 01:26:55]  [%emt 00:03:22]} 7. Nf3 {[%clk 01:24:20] 
[%emt 00:03:23]} 7... Be7 {[%clk 01:24:33]  [%emt 00:02:53]} 8. O-O {[%clk
01:21:16]  [%emt 00:03:33]} 8... O-O {[%clk 01:23:24]  [%emt 00:01:40]} 9. h3
{[%clk 01:18:53]  [%emt 00:02:52]} 9... b5 {[%clk 01:22:59]  [%emt 00:00:55]}
10. Ba2 {[%clk 01:17:12]  [%emt 00:02:11]} 10... Bb7 {[%clk 01:20:36]  [%emt
00:02:53]} 11. g4 {[%clk 01:14:57]  [%emt 00:02:45]} 11... Qb6 {[%clk 01:17:40]
 [%emt 00:03:26]} 12. Be3 {[%clk 01:12:34]  [%emt 00:02:53]} 12... d5 {[%clk
01:15:22]  [%emt 00:02:49]} 13. exd5 {[%clk 01:08:09]  [%emt 00:04:54]} 13...
exd5 {[%clk 01:14:40]  [%emt 00:01:12]} 14. d4 {[%clk 01:03:14]  [%emt
00:05:25]} 14... Rd8 {[%clk 01:03:22]  [%emt 00:11:48]} 15. Re1 {[%clk
00:54:23]  [%emt 00:09:21]} 15... c4 {[%clk 00:43:21]  [%emt 00:20:32]} 16. Bf2
{[%clk 00:49:57]  [%emt 00:04:54]} 16... Bd6 {[%clk 00:42:40]  [%emt 00:01:13]}
17. Ne5 {[%clk 00:43:01]  [%emt 00:07:25]} 17... Nc6 {[%clk 00:39:22]  [%emt
00:03:49]} 18. g5 {[%clk 00:38:59]  [%emt 00:04:31]} 18... Nd7 {[%clk 00:37:12]
 [%emt 00:02:40]} 19. Nxd5 {[%clk 00:37:31]  [%emt 00:01:58]} 19... Qa7 {[%clk
00:35:11]  [%emt 00:02:32]} 20. b3 {[%clk 00:34:23]  [%emt 00:03:39]} 20...
Ndxe5 {[%clk 00:28:20]  [%emt 00:07:20]} 21. dxe5 {[%clk 00:33:39]  [%emt
00:01:14]} 21... Bc5 {[%clk 00:28:10]  [%emt 00:00:41]} 22. Re2 {[%clk
00:26:43]  [%emt 00:07:25]} 22... Nd4 {[%clk 00:19:55]  [%emt 00:08:45]} 23.
bxc4 {[%clk 00:17:12]  [%emt 00:10:01]} 23... Nxe2+ {[%clk 00:19:13]  [%emt
00:01:12]} 24. Qxe2 {[%clk 00:16:16]  [%emt 00:01:26]} 24... bxc4 {[%clk
00:17:43]  [%emt 00:02:01]} 25. Nb4 {[%clk 00:15:24]  [%emt 00:01:21]} 25... a5
{[%clk 00:16:16]  [%emt 00:01:58]} 26. h4 {[%clk 00:10:40]  [%emt 00:04:20]}
26... axb4 {[%clk 00:16:25]  [%emt 00:01:15]} 27. axb4 {[%clk 00:10:29]  [%emt
00:00:40]} 27... Bxf2+ {[%clk 00:14:03]  [%emt 00:02:51]} 28. Qxf2 {[%clk
00:10:46]  [%emt 00:00:13]} 28... Qxf2+ {[%clk 00:14:25]  [%emt 00:00:09]} 29.
Kxf2 {[%clk 00:11:00]  [%emt 00:00:15]} 29... Rd2+ {[%clk 00:14:29]  [%emt
00:00:26]} 30. Ke3 {[%clk 00:10:34]  [%emt 00:00:57]} 30... Rxc2 {[%clk
00:14:25]  [%emt 00:00:33]} 31. Rd1 {[%clk 00:10:36]  [%emt 00:00:27]} 31...
Rcxa2 {[%clk 00:14:06]  [%emt 00:00:49]} 32. Rc1 {[%clk 00:10:18]  [%emt
00:00:48]} 32... c3 {[%clk 00:10:59]  [%emt 00:03:38]} 33. Kd4 {[%clk 00:10:02]
 [%emt 00:00:46]} 33... c2 {[%clk 00:10:12]  [%emt 00:01:16]} 34. f5 {[%clk
00:10:11]  [%emt 00:00:21]} 34... Re8 {[%clk 00:10:11]  [%emt 00:00:30]} 35. f6
{[%clk 00:09:31]  [%emt 00:01:11]} 35... gxf6 {[%clk 00:10:06]  [%emt
00:00:36]} 36. exf6 {[%clk 00:09:27]  [%emt 00:00:33]} 36... Rc8 {[%clk
00:10:21]  [%emt 00:00:14]} 37. Kd3 {[%clk 00:07:56]  [%emt 00:02:03]} 37...
Rb2 {[%clk 00:10:21]  [%emt 00:00:30]} 38. Kd2 {[%clk 00:06:56]  [%emt
00:01:29]} 38... Rxb4 {[%clk 00:10:15]  [%emt 00:00:36]} 39. Kd3 {[%clk
00:06:53]  [%emt 00:00:34]} 39... Rb1 {[%clk 00:09:59]  [%emt 00:00:44]} 40.
Rxc2 {[%clk 00:07:11]  [%emt 00:00:14]} 40... Rxc2 {[%clk 00:10:20]  [%emt
00:00:08]} 41. Kxc2 {[%clk 00:07:26]  [%emt 00:00:15]} 41... Rh1 {[%clk
00:10:39]  [%emt 00:00:12]} 42. Kb3 {[%clk 00:07:28]  [%emt 00:00:29]} 42...
Rxh4 {[%clk 00:11:00]  [%emt 00:00:08]} 43. Kc3 {[%clk 00:08:19]  [%emt
00:01:10]} 43... Rg4 {[%clk 00:13:13]  [%emt 00:00:16]} 44. Kd3 {[%clk
00:08:32]  [%emt 00:00:17]} 44... Rxg5 {[%clk 00:13:29]  [%emt 00:00:14]} 45.
Kd4 {[%clk 00:08:50]  [%emt 00:00:12]} 45... h5 {[%clk 00:13:39]  [%emt
00:00:19]} 46. Ke3 {[%clk 00:08:56]  [%emt 00:00:25]} 46... Rg4 {[%clk
00:13:38]  [%emt 00:00:30]} 47. Kf2 {[%clk 00:09:02]  [%emt 00:00:25]} 47... h4
{[%clk 00:13:53]  [%emt 00:00:15]} 48. Kf1 {[%clk 00:09:17]  [%emt 00:00:14]}
48... h3 {[%clk 00:14:10]  [%emt 00:00:13]} 49. Kf2 {[%clk 00:09:42]  [%emt
00:00:05]} 49... h2 {[%clk 00:14:30]  [%emt 00:00:11]} 50. Ke3 {[%clk 00:10:00]
 [%emt 00:00:12]} 50... h1=Q {[%clk 00:14:49]  [%emt 00:00:12]} 51. Kd3 {[%clk
00:10:00]  [%emt 00:00:29]} 51... Qf3+ {[%clk 00:15:09]  [%emt 00:00:09]} 52.
Kd2 {[%clk 00:10:20]  [%emt 00:00:11]} 52... Rg2+ {[%clk 00:15:36]  [%emt
00:00:03]} 53. Ke1 {[%clk 00:10:32]  [%emt 00:00:18]} 53... Qe2# {[%clk
00:15:55]  [%emt 00:00:11]} 0-1

[Event "DEM U12w 2023"]
[Site "Willingen GER"]
[Date "2023.05.28"]
[Round "1"]
[White "Ramakrishnan, Veda"]
[Black "Eitel, Liz"]
[Result "1-0"]
[Termination "normal"]
[Board "17"]
[WhiteElo "1231"]
[BlackElo "971"]
[WhiteClock "00:09:28"]
[BlackClock "01:01:14"]
[PlyCount "71"]
[WhiteFideId "16269519"]
[BlackFideId "34622195"]
[EventCountry "GER"]
[EventRounds "9"]
[EventType "swiss"]
[EventDate "2023.05.27"]

1. d4 {[%clk 01:30:57]  [%emt 00:00:01]} 1... d5 {[%clk 01:30:54]  [%emt
00:00:07]} 2. c4 {[%clk 01:31:21]  [%emt 00:00:06]} 2... e6 {[%clk 01:31:19] 
[%emt 00:00:05]} 3. Nc3 {[%clk 01:31:43]  [%emt 00:00:07]} 3... Nf6 {[%clk
01:31:37]  [%emt 00:00:13]} 4. cxd5 {[%clk 01:32:03]  [%emt 00:00:09]} 4...
Nxd5 {[%clk 01:30:17]  [%emt 00:01:51]} 5. e4 {[%clk 01:32:13]  [%emt
00:00:20]} 5... Nxc3 {[%clk 01:29:47]  [%emt 00:01:00]} 6. bxc3 {[%clk
01:32:25]  [%emt 00:00:17]} 6... c6 {[%clk 01:29:29]  [%emt 00:00:49]} 7. Nf3
{[%clk 01:31:23]  [%emt 00:01:32]} 7... Be7 {[%clk 01:29:44]  [%emt 00:00:15]}
8. Be2 {[%clk 01:31:22]  [%emt 00:00:30]} 8... O-O {[%clk 01:30:05]  [%emt
00:00:10]} 9. O-O {[%clk 01:31:25]  [%emt 00:00:25]} 9... Nd7 {[%clk 01:28:21] 
[%emt 00:02:16]} 10. Bf4 {[%clk 01:29:14]  [%emt 00:02:40]} 10... Nb6 {[%clk
01:25:56]  [%emt 00:02:56]} 11. Qc2 {[%clk 01:25:03]  [%emt 00:04:39]} 11... f5
{[%clk 01:25:39]  [%emt 00:00:48]} 12. Be3 {[%clk 01:16:34]  [%emt 00:09:00]}
12... f4 {[%clk 01:24:39]  [%emt 00:01:30]} 13. Bd2 {[%clk 01:16:27]  [%emt
00:00:36]} 13... Nd7 {[%clk 01:21:31]  [%emt 00:03:39]} 14. Bc4 {[%clk
01:11:41]  [%emt 00:05:15]} 14... Kh8 {[%clk 01:19:06]  [%emt 00:02:56]} 15.
Bxe6 {[%clk 01:09:31]  [%emt 00:02:39]} 15... Rf6 {[%clk 01:16:43]  [%emt
00:02:54]} 16. Bc4 {[%clk 01:07:57]  [%emt 00:02:04]} 16... Nf8 {[%clk
01:14:11]  [%emt 00:03:02]} 17. e5 {[%clk 00:59:52]  [%emt 00:08:35]} 17... Rf5
{[%clk 01:14:06]  [%emt 00:00:35]} 18. Bd3 {[%clk 00:59:37]  [%emt 00:00:45]}
18... Rf7 {[%clk 01:13:55]  [%emt 00:00:41]} 19. h3 {[%clk 00:57:45]  [%emt
00:02:22]} 19... Be6 {[%clk 01:13:13]  [%emt 00:01:12]} 20. Rab1 {[%clk
00:53:56]  [%emt 00:04:16]} 20... b6 {[%clk 01:11:50]  [%emt 00:01:55]} 21. Be4
{[%clk 00:48:56]  [%emt 00:05:28]} 21... Rc8 {[%clk 01:09:59]  [%emt 00:02:23]}
22. Qd3 {[%clk 00:38:01]  [%emt 00:11:24]} 22... Bxa2 {[%clk 01:08:32]  [%emt
00:01:57]} 23. Ra1 {[%clk 00:37:27]  [%emt 00:01:03]} 23... Bd5 {[%clk
01:05:59]  [%emt 00:02:53]} 24. Bxd5 {[%clk 00:33:00]  [%emt 00:05:09]} 24...
Qxd5 {[%clk 01:06:11]  [%emt 00:00:18]} 25. Rxa7 {[%clk 00:32:55]  [%emt
00:00:35]} 25... Ng6 {[%clk 01:04:41]  [%emt 00:01:57]} 26. c4 {[%clk 00:24:35]
 [%emt 00:08:53]} 26... Qd8 {[%clk 01:04:07]  [%emt 00:01:04]} 27. Ng5 {[%clk
00:19:19]  [%emt 00:05:45]} 27... Bxg5 {[%clk 01:04:02]  [%emt 00:00:36]} 28.
Rxf7 {[%clk 00:19:24]  [%emt 00:00:25]} 28... Ra8 {[%clk 01:02:36]  [%emt
00:01:56]} 29. Qe4 {[%clk 00:18:02]  [%emt 00:01:47]} 29... Qc8 {[%clk
01:02:41]  [%emt 00:00:28]} 30. h4 {[%clk 00:15:48]  [%emt 00:02:43]} 30...
Bxh4 {[%clk 01:02:35]  [%emt 00:00:38]} 31. Bxf4 {[%clk 00:16:07]  [%emt
00:00:12]} 31... Kg8 {[%clk 01:02:53]  [%emt 00:00:12]} 32. Qf5 {[%clk
00:14:17]  [%emt 00:02:19]} 32... Qd8 {[%clk 01:02:30]  [%emt 00:00:53]} 33.
Be3 {[%clk 00:10:09]  [%emt 00:04:38]} 33... Ne7 {[%clk 01:02:02]  [%emt
00:00:59]} 34. Qe6 {[%clk 00:09:54]  [%emt 00:00:43]} 34... Ra7 {[%emt
00:01:08]} 35. Rxe7+ {[%clk 00:09:28]  [%emt 00:00:23]} 35... Kf8 {[%clk
01:01:14]  [%emt 00:01:16]} 36. Qf7# {[%emt 00:00:31]} 1-0

[Event "DEM U12w 2023"]
[Site "Willingen GER"]
[Date "2023.05.28"]
[Round "1"]
[White "Borck, Elena"]
[Black "Ali, Maha"]
[Result "0-1"]
[Termination "normal"]
[Board "18"]
[WhiteElo "970"]
[BlackElo "1403"]
[WhiteClock "01:14:09"]
[BlackClock "01:22:20"]
[PlyCount "88"]
[WhiteFideId "16275446"]
[BlackFideId "34626581"]
[EventCountry "GER"]
[EventRounds "9"]
[EventType "swiss"]
[EventDate "2023.05.27"]

1. c4 {[%clk 01:30:57]  [%emt 00:00:03]} 1... e5 {[%clk 01:30:52]  [%emt
00:00:08]} 2. Nc3 {[%clk 01:31:13]  [%emt 00:00:14]} 2... Bb4 {[%clk 01:31:11] 
[%emt 00:00:11]} 3. Nf3 {[%clk 01:29:17]  [%emt 00:02:27]} 3... Bxc3 {[%clk
01:31:19]  [%emt 00:00:21]} 4. bxc3 {[%clk 01:28:46]  [%emt 00:01:02]} 4... d6
{[%clk 01:31:37]  [%emt 00:00:12]} 5. d4 {[%clk 01:28:42]  [%emt 00:00:33]}
5... Nc6 {[%clk 01:31:07]  [%emt 00:00:59]} 6. dxe5 {[%clk 01:27:18]  [%emt
00:01:55]} 6... Nxe5 {[%clk 01:30:44]  [%emt 00:00:53]} 7. Nxe5 {[%clk
01:27:27]  [%emt 00:00:21]} 7... dxe5 {[%clk 01:31:06]  [%emt 00:00:07]} 8.
Qxd8+ {[%clk 01:27:49]  [%emt 00:00:10]} 8... Kxd8 {[%clk 01:31:34]  [%emt
00:00:01]} 9. e4 {[%clk 01:28:04]  [%emt 00:00:16]} 9... Be6 {[%clk 01:31:16] 
[%emt 00:00:47]} 10. Rb1 {[%clk 01:26:48]  [%emt 00:01:47]} 10... b6 {[%clk
01:30:27]  [%emt 00:01:19]} 11. f4 {[%clk 01:25:01]  [%emt 00:02:16]} 11...
exf4 {[%clk 01:28:19]  [%emt 00:02:37]} 12. Bxf4 {[%clk 01:25:19]  [%emt
00:00:13]} 12... c5 {[%clk 01:28:04]  [%emt 00:00:46]} 13. e5 {[%clk 01:24:13] 
[%emt 00:01:36]} 13... Ne7 {[%clk 01:25:41]  [%emt 00:02:52]} 14. g3 {[%clk
01:23:06]  [%emt 00:01:37]} 14... Nc6 {[%clk 01:23:33]  [%emt 00:02:38]} 15.
Bg2 {[%clk 01:23:11]  [%emt 00:00:25]} 15... Rc8 {[%clk 01:23:06]  [%emt
00:00:56]} 16. Rd1+ {[%clk 01:21:37]  [%emt 00:02:05]} 16... Ke7 {[%clk
01:22:58]  [%emt 00:00:38]} 17. Bd5 {[%clk 01:19:49]  [%emt 00:02:18]} 17... h6
{[%clk 01:21:14]  [%emt 00:02:13]} 18. Bxe6 {[%clk 01:19:11]  [%emt 00:01:09]}
18... Kxe6 {[%clk 01:21:35]  [%emt 00:00:08]} 19. Rd6+ {[%clk 01:17:32]  [%emt
00:02:09]} 19... Ke7 {[%clk 01:20:22]  [%emt 00:01:43]} 20. O-O {[%clk
01:17:43]  [%emt 00:00:19]} 20... Rhd8 {[%clk 01:19:20]  [%emt 00:01:33]} 21.
Rfd1 {[%clk 01:17:00]  [%emt 00:01:12]} 21... g5 {[%clk 01:17:28]  [%emt
00:02:21]} 22. Bc1 {[%clk 01:15:25]  [%emt 00:02:06]} 22... Nxe5 {[%clk
01:17:22]  [%emt 00:00:34]} 23. h4 {[%clk 01:14:51]  [%emt 00:01:06]} 23...
Rxd6 {[%clk 01:17:24]  [%emt 00:00:28]} 24. Rxd6 {[%clk 01:14:59]  [%emt
00:00:22]} 24... Kxd6 {[%clk 01:17:46]  [%emt 00:00:07]} 25. hxg5 {[%clk
01:15:17]  [%emt 00:00:12]} 25... hxg5 {[%clk 01:18:03]  [%emt 00:00:13]} 26.
Bxg5 {[%clk 01:15:41]  [%emt 00:00:06]} 26... Nf3+ {[%clk 01:18:24]  [%emt
00:00:09]} 27. Kg2 {[%clk 01:15:26]  [%emt 00:00:45]} 27... Nxg5 {[%clk
01:18:42]  [%emt 00:00:11]} 28. a4 {[%clk 01:12:32]  [%emt 00:03:25]} 28... Ne4
{[%clk 01:19:03]  [%emt 00:00:09]} 29. g4 {[%clk 01:12:43]  [%emt 00:00:20]}
29... Nxc3 {[%clk 01:17:59]  [%emt 00:01:33]} 30. Kf3 {[%clk 01:12:21]  [%emt
00:00:53]} 30... Nxa4 {[%clk 01:18:19]  [%emt 00:00:09]} 31. Kf4 {[%clk
01:12:22]  [%emt 00:00:29]} 31... Nb2 {[%clk 01:18:39]  [%emt 00:00:10]} 32.
Kf5 {[%clk 01:12:37]  [%emt 00:00:16]} 32... a5 {[%clk 01:18:58]  [%emt
00:00:11]} 33. g5 {[%clk 01:12:58]  [%emt 00:00:09]} 33... a4 {[%clk 01:19:18] 
[%emt 00:00:10]} 34. Kf6 {[%clk 01:13:21]  [%emt 00:00:07]} 34... Rg8 {[%clk
01:19:36]  [%emt 00:00:11]} 35. Kf5 {[%clk 01:13:14]  [%emt 00:00:37]} 35...
Rxg5+ {[%clk 01:19:58]  [%emt 00:00:08]} 36. Kxg5 {[%clk 01:13:37]  [%emt
00:00:07]} 36... a3 {[%clk 01:20:21]  [%emt 00:00:08]} 37. Kf6 {[%clk 01:14:00]
 [%emt 00:00:06]} 37... a2 {[%clk 01:20:44]  [%emt 00:00:07]} 38. Kxf7 {[%clk
01:14:25]  [%emt 00:00:05]} 38... a1=Q {[%clk 01:21:06]  [%emt 00:00:08]} 39.
Kg6 {[%clk 01:14:24]  [%emt 00:00:31]} 39... Qf1 {[%clk 01:21:27]  [%emt
00:00:09]} 40. Kg5 {[%clk 01:14:45]  [%emt 00:00:09]} 40... Ke5 {[%clk
01:21:49]  [%emt 00:00:08]} 41. Kg6 {[%clk 01:13:32]  [%emt 00:01:43]} 41...
Qf6+ {[%clk 01:21:42]  [%emt 00:00:37]} 42. Kh5 {[%clk 01:13:51]  [%emt
00:00:11]} 42... Qg7 {[%clk 01:21:55]  [%emt 00:00:16]} 43. Kh4 {[%clk
01:14:12]  [%emt 00:00:10]} 43... Kf4 {[%clk 01:22:20]  [%emt 00:00:05]} 44.
Kh5 {[%clk 01:14:09]  [%emt 00:00:34]} 44... Qg5# {[%emt 00:00:41]} 0-1